Tumors of the adrenal / (Record no. 168207)

MARC details
000 -LEADER
fixed length control field 00822cam a2200253 a 4500
008 - FIXED-LENGTH DATA ELEMENTS--GENERAL INFORMATION
fixed length control field
049 ## - LOCAL HOLDINGS (OCLC)
Holding library MAIN
090 ## - LOCALLY ASSIGNED LC-TYPE CALL NUMBER (OCLC); LOCAL CALL NUMBER (RLIN)
Classification number (OCLC) (R) ; Classification number, CALL (RLIN) (NR) RD651
Local cutter number (OCLC) ; Book number/undivided call number, CALL (RLIN) PAG
003 - CONTROL NUMBER IDENTIFIER
control field
005 - DATE AND TIME OF LATEST TRANSACTION
control field 20230123141129.0
040 ## - CATALOGING SOURCE
Transcribing agency NUST
100 1# - MAIN ENTRY--PERSONAL NAME
Personal name Page, David L.
245 10 - TITLE STATEMENT
Title Tumors of the adrenal /
Statement of responsibility, etc. by David L. Page, Ronald A. DeLellis, and Aubrey J. Hough, Jr.
260 ## - PUBLICATION, DISTRIBUTION, ETC.
Place of publication, distribution, etc. Washington, D.C. :
Name of publisher, distributor, etc. Armed Forces Institute of Pathology,
Date of publication, distribution, etc. 1986.
300 ## - PHYSICAL DESCRIPTION
Extent 267 p. :
Other physical details ill. (some col.) ;
Dimensions 26 cm.
440 #0 - SERIES STATEMENT/ADDED ENTRY--TITLE
Title Atlas of tumor pathology, second series.
500 ## - GENERAL NOTE
General note Includes Index.
504 ## - BIBLIOGRAPHY, ETC. NOTE
Bibliography, etc. note Includes bibliographies and index.
650 #0 - SUBJECT ADDED ENTRY--TOPICAL TERM
Topical term or geographic name entry element Adrenal glands
General subdivision Tumors.
700 1# - ADDED ENTRY--PERSONAL NAME
Personal name DeLellis, Ronald A.
700 1# - ADDED ENTRY--PERSONAL NAME
Personal name Hough, Aubrey J.
907 ## - LOCAL DATA ELEMENT G, LDG (RLIN)
a .b10394126
b 30-10-18
c 29-10-18
942 ## - ADDED ENTRY ELEMENTS (KOHA)
Koha item type Ordinary Loan Books
Call number prefix RD651
Call number suffix PAG
Holdings
Date last seen Total Checkouts Full call number Barcode Cost, replacement price Price effective from Koha item type Lost status Source of classification or shelving scheme Damaged status Not for loan Collection Withdrawn status Home library Current library Shelving location Date acquired Cost, normal purchase price
01/23/2023   RD651 PAG 92004045306 80.00 01/23/2023 BOOKS   LCC     NFIC   MAIN MAIN GEN 01/23/2023 80.00